banner koha

Qualidade fisiológica de sementes de Tabernaemontana fuchsiaefolia a. Dc em função do teste de envelhecimento acelerado (Registro n. 86401)

MARC details
000 -LÍDER
fixed length control field 04302nab a2200277 i 4500
003 - CÓDIGO MARC DA AGÊNCIA CATALOGADORA
Campo de controle BR-BrBNA
005 - DATA E HORA DA ÚLTIMA ATUALIZAÇÃO
Campo de controle 20231005104638.0
008 - CAMPO DE TAMANHO FIXO
fixed length control field 231005b2016 bl.qr|pooa||| 00| 0 por |
040 ## - FONTE DA CATALOGAÇÃO
Agência catalogadora BR-BrBNA
Idioma da catalogação por
072 ## - CATEGORIA AGRIS
Código AGRIS K10
100 ## - ENTRADA PRINCIPAL - NOME PESSOAL
Nome pessoal Moraes, Carlos Eduardo
100 ## - ENTRADA PRINCIPAL - NOME PESSOAL
Nome pessoal Lopes, José Carlos
100 ## - ENTRADA PRINCIPAL - NOME PESSOAL
Nome pessoal Farias, Carla Caroline Magalhães
100 ## - ENTRADA PRINCIPAL - NOME PESSOAL
Nome pessoal Maciel, Khétrin Silva
245 ## - TÍTULO PRINCIPAL
Título principal Qualidade fisiológica de sementes de Tabernaemontana fuchsiaefolia a. Dc em função do teste de envelhecimento acelerado
500 ## - NOTA GERAL
Nota geral Publicação on-line; 30 ref.; 3 tables; 3 illus.; Summaries (En, Pt)
942 ## - ADDED ENTRY ELEMENTS (KOHA)
Koha item type
520 ## - NOTA DE RESUMO
Nota de conteúdo <br/><br/>RESUMO<br/>Tabernaemontana fuchsiaefolia A. DC é uma espécie da família Apocynaceae, nativa do Brasil, com<br/>característica invasora, possuindo potencial para uso em recuperação de áreas degradadas. O trabalho teve<br/>o objetivo de avaliar a influência dos métodos de envelhecimento acelerado sobre a qualidade fisiológica<br/>e germinação de sementes, utilizando-se o método tradicional e em solução de NaCl, empregando-se a<br/>metodologia de gerbox, formando minicâmaras de envelhecimento, em três temperaturas (41, 43 e 45°C)<br/>e cinco tempos de envelhecimento (0, 24, 48, 72 e 96 horas). As sementes, após o envelhecimento, foram<br/>colocadas para germinar em rolos de papel germitest, em quatro repetições de 25 sementes, em câmaras<br/>BOD a temperatura de 30°C, com fotoperíodo de 8 horas. O efeito da temperatura foi comparado pelo teste<br/>de Tukey em nível de 5% de probabilidade e o efeito do tempo de envelhecimento, pela análise de regressão.<br/>Após 35 dias, foram avaliados percentual, índice de velocidade, tempo médio e frequência da germinação,<br/>bem como comprimento de raiz e parte aérea, massa seca de plântulas e percentual de plântulas normais.<br/>Observou-se que o método alternativo de envelhecimento com solução de NaCl teve pouca influência na<br/>qualidade das sementes, não sendo indicado para testes de vigor para a espécie. O método tradicional, na<br/>temperatura de 45°C em período de envelhecimento de 96 horas, promoveu queda na germinação e pode<br/>ser utilizado para testar o vigor de sementes de leiteira.<br/><br/>Palavras-chave: leiteira; vigor; qualidade fisiológica; semente florestal.
520 ## - NOTA DE RESUMO
Nota de conteúdo <br/><br/>ABSTRACT<br/>Tabernaemontana fuchsiaefolia A. DC is a species of the Apocynaceae family, native of Brasil, with<br/>aggressive characteristic, having potential for use in restoration of degraded areas. The work aimed to<br/>evaluate the influence os methods of accelerated aging on the physiological quality and germination of’<br/>seeds, using the traditional method and in NaCl solution, employing the methodology of gerbox, forming<br/>mini-chambers of aging at three temperatures (41, 43 and 45 °C) and five aging times (0, 24, 48, 72 and<br/>96 hours). The seeds, after aging, were germinated in rolls of germitest paper, in four replicates of 25 seeds,<br/>in BOD chambers at 30 °C with a photoperiod of 8 hours. The effect of temperature was evaluated by Tukey<br/>test, at 5% probability, while the effect of aging time by regression analysis. After 35 days, we assessed <br/>the percentage, germination speed index, mean time and frequency of germination; root length and aerial<br/>part length, dry matter of seedlings and percentage of normal seedlings. It was observed that the alternative<br/>method of aging with a NaCl solution have a little influence in seed quality, may not be suitable for testing<br/>the seed vigor of that specie. The traditional method, in the temperature of 45 °C in 96 hours of aging period<br/>provided decrease in germination and can be used to test the seed vigor.<br/><br/>Keywords: leiteira; vigor; physiological quality; forest seed.
650 ## - ASSUNTO - THESAGRO
Cabeçalho tópico ou nome geográfico APOCYNACEAE
650 ## - ASSUNTO - THESAGRO
Cabeçalho tópico ou nome geográfico SEMENTE FLORESTAL
650 ## - ASSUNTO - THESAGRO
Cabeçalho tópico ou nome geográfico QUALIDADE
773 0# - ENTRADA ANALÍTICA
Host Biblionumber 4065
Registro do item 102038
Imprenta Santa Maria-RS Universidade Federal de Santa Maria - Centro de Pesquisas Florestais.Departamento de Ciências Florestais. Programa de Pós-Graduação em Engenharia Florestal 1991
Outro identificador 2023-436444
Título Ciência Florestal (Brazil)
ISSN 0103-9954; 1980-5098 (on-line)
Colação v. 26(1) p. 213-223; (Jan-Mar 2016)
Número de controle de registro BR2016001168
856 ## - ACESSO E ENDEREÇO ELETRÔNICO
Identificador uniforme de recurso - URI https://www.scielo.br/j/cflo/a/rHWKVrYfzSYHLvywwGbbtCJ/?format=pdf&lang=pt

Nenhum exemplar disponível.

BINAGRI

Telefone: (61)3218-2567/2388/3357/2097 - binagri@agro.gov.br

Ministério da Agricultura e Pecuária , Esplanada dos Ministérios, Bloco D, Anexo B, Brasília/DF, CEP: 70.043-900